| 000 | 00473nam a2200181Ia 4500 | ||
|---|---|---|---|
| 008 | 230524s9999 xx 000 0 und d | ||
| 020 | _a0074638416 | ||
| 082 |
_a4.16 _bRAY |
||
| 100 | _aA.K.Ray | ||
| 245 | 0 | _aAdvanced Microprocessors and Peripherals Architecture Programming & Interfacing | |
| 250 | _a1ST | ||
| 260 |
_aNEW DELHI _bTMH _c2005 |
||
| 300 | _aXVI;629 | ||
| 500 | _aQuantity Number: 158 | ||
| 650 | _aComp-Sc | ||
| 700 | _a K.M.Bhurchandi | ||
| 942 | _cBK | ||
| 999 |
_c3710 _d3710 |
||